A világosság rózsafüzére

Bibliographic Details
Main Author: Madinger, Herbert (Author)
Other Authors: Kovács, Mária (Translator)
Format: Book
Language:Hungarian
PhysicalDescription:28 s. 15 cm
Published: Trnava Dobrá kniha 2003
ISBN:8071414379
Edition:[1. kiad.]
Subjects:

MARC

LEADER 00000cam a2200000 a 4500
001 vtls001467486
003 SK-MaSNL
005 20260301225315.0
008 251031s2003 xo f 000 0 hun
015 |a SNBA2004/06-03619 
020 |a 8071414379 
035 |a SNK000422791 
035 |a urn:nbn:sk:snk-amjdm2 
035 |a urn:nbn:sk:snk-am003ogg 
035 |a 77013AF1-222F-4F5E-B70D-C5A572BC5113 
040 |a SNK  |b slo  |c SNK  |e AACR2 
041 0 |a hun 
044 |a xo  |c SK 
072 7 |a 27-4  |x Praktická teológia. Morálna teológia  |2 konspekt 
080 |a 272-534.35  |2 1981 
080 |a 27-4  |2 1981 
080 |a 27-184.3  |2 1981 
080 |a 27-534.3  |2 1981 
080 |a (0:82-4)  |2 1981 
100 1 |a Madinger, Herbert  |4 aut  |9 288310 
240 1 0 |a Der Lichtreiche Rosenkranz  |l Maďarsky 
245 1 0 |a A világosság rózsafüzére  |c Herbert Madinger ; [fordította: Kovács Mária] 
250 |a [1. kiad.] 
260 |a Trnava  |b Dobrá kniha  |c 2003 
300 |a 28 s.  |c 15 cm 
500 |a Tir. slov. 
650 0 7 |a ruženec  |2 SNK  |9 1980 
650 0 7 |a kresťanský život  |2 SNK  |9 1808 
650 0 7 |a kresťanská viera  |2 SNK  |9 1712 
650 0 7 |a kresťanská modlitba  |2 SNK  |9 2009 
655 7 |a príručky  |2 SNK  |9 74364 
700 1 |a Kovács, Mária  |4 trl  |9 403275 
730 |t Der Lichtreiche Rosenkranz  |9 618706 
919 |a 80-7141-437-9 
999 |c 950421  |d 952351 
952 |t P60, <03>, [BOOK], {603}  |a SNK  |b SNK  |y PREZ  |7 0  |p 17A0412272  |o snkSD 73536  |i snkKSP 1605/2004  |0 0  |1 0  |4 0  |d 2004-02-03  |l 0  |r 2025-11-20 00:00:00  |w 2026-02-24 
952 |t P60, <04>, [BOOK], {604}  |a SNK  |b SNK  |y VYP  |7 0  |p 17A0412273  |o snkSD 73536 D1  |i snkKSP 1606/2004  |0 0  |1 0  |4 0  |d 2004-02-03  |f 1  |l 0  |r 2005-01-02 00:00:00  |w 2026-02-24